000 00189 a2200097 4500
041 _aspa
100 _aAcharya Mahapragya
245 _aHacia la Armonia Interior
942 _cBK
952 _71
999 _c24315
_d24315